Análisis de un sistema de registro académico en el colegio Lorenzo Milani
Presenta una estrategia para realizar matricula o consultar notas de una manera ágil y controlada en el colegio Lorenzo Milani a partir de un análisis basado en diagramas de actividades UML.
| Main Authors: | , |
|---|---|
| Other Authors: | |
| Format: | Tesis Section = Libro |
| Language: | Undetermined Spanish |
| Published: |
Managua
UNI
2006
|
| Subjects: |
| LEADER | 00989nam a2200241Ia 4500 | ||
|---|---|---|---|
| 008 | 240830s9999 xx 000 0 und d | ||
| 040 | |a BIBLIOTECA-RUSB/ T.Mon 005.1 M543 | ||
| 041 | |a spa | ||
| 082 | |a T.Mon 005.1 M543 | ||
| 100 | 1 | |a Meneses Aburto, Rudy Fernando | |
| 100 | 1 | |b Cabrera Narváez, María Auxiliadora | |
| 245 | 1 | 0 | |a Análisis de un sistema de registro académico en el colegio Lorenzo Milani |
| 260 | |a Managua |b UNI |c 2006 | ||
| 300 | |a 46 p. :il. | ||
| 502 | |a Tesis (Ingeniero en Computación) - UNI, 2006. | ||
| 520 | 3 | |a Presenta una estrategia para realizar matricula o consultar notas de una manera ágil y controlada en el colegio Lorenzo Milani a partir de un análisis basado en diagramas de actividades UML. | |
| 650 | 7 | |a DISEÑO DE SISTEMAS DE INFORMACIÓN - UML | |
| 650 | 7 | |b DESARROLLO DE SOFTWARE - COMPUTACIÓN | |
| 650 | 7 | |c UML - COMPUTACIÓN | |
| 700 | 1 | |a Tutor: |b Nororí Paguaga, Verónica | |
| 942 | |c BK |2 ddc | ||
| 991 | |a TESIS | ||
| 999 | |c 21589 | ||